[Event "Nuremberg rapid"]
[Site "Nuremberg"]
[Date "1990.10.14"]
[Round "11"]
[White "Brunner, Lucas"]
[Black "Khalifman, Alexander"]
[Result "0-1"]
[WhiteElo "2525"]
[BlackElo "2560"]
[PlyCount "88"]
[EventDate "1990.10.12"]
[EventType "tourn (rapid)"]
[EventRounds "13"]
[EventCountry "GER"]
[EventCategory "11"]
[SourceTitle "EXT 2000"]
[Source "ChessBase"]
[SourceDate "1999.11.16"]
[SourceVersion "1"]
[SourceVersionDate "1999.11.16"]
[SourceQuality "1"]

1. e4 c5 2. Nf3 d6 3. d4 cxd4 4. Nxd4 Nf6 5. Nc3 Nc6 6. Bc4 Qb6 7. Ndb5 a6 8.
Be3 Qa5 9. Nd4 Ng4 10. Nxc6 bxc6 11. Bd2 g6 12. O-O Bg7 13. h3 Ne5 14. Bb3 O-O
15. Kh1 Qc7 16. f4 Nd7 17. f5 a5 18. Bg5 Nf6 19. fxg6 hxg6 20. Rf4 a4 21. Nxa4
d5 22. exd5 Qe5 23. Bxf6 Qxf4 24. Bxg7 Kxg7 25. Nb6 Bxh3 26. gxh3 Rh8 27. Qd3
Rxh3+ 28. Qxh3 Rh8 29. Qxh8+ Kxh8 30. dxc6 Qf3+ 31. Kh2 Qf2+ 32. Kh3 Qxb6 33.
Rf1 f5 34. Bd5 e6 35. Bf3 g5 36. Kh2 g4 37. Bg2 Qc7+ 38. Kg1 f4 39. Rd1 f3 40.
Bf1 g3 41. Rd4 Qe5 42. Rh4+ Kg7 43. c7 Qxc7 44. Rg4+ Kf6 0-1

[Event "Nuremberg rapid"]
[Site "Nuremberg"]
[Date "1990.10.14"]
[Round "12"]
[White "Khalifman, Alexander"]
[Black "Nunn, John DM"]
[Result "1/2-1/2"]
[WhiteElo "2635"]
[BlackElo "2600"]
[PlyCount "80"]
[EventDate "1990.10.12"]
[EventType "tourn (rapid)"]
[EventRounds "13"]
[EventCountry "GER"]
[EventCategory "11"]
[SourceTitle "EXT 2000"]
[Source "ChessBase"]
[SourceDate "1999.11.16"]
[SourceVersion "1"]
[SourceVersionDate "1999.11.16"]
[SourceQuality "1"]

1. Nf3 Nf6 2. c4 g6 3. g3 Bg7 4. Bg2 c6 5. O-O O-O 6. Nc3 d5 7. cxd5 cxd5 8. d4
e6 9. Ne5 Nfd7 10. f4 f6 11. Nd3 Nc6 12. e3 f5 13. Kh1 Nf6 14. b3 Ne4 15. Nxe4
dxe4 16. Ne5 Nxe5 17. dxe5 Qa5 18. Qd2 Qxd2 19. Bxd2 Rd8 20. Rfd1 Bf8 21. Bf1
Bd7 22. Bc3 Bc6 23. Bd4 Ba3 24. Kg1 Bd5 25. Rd2 Rdc8 26. Rad1 Bb4 27. Rg2 a6
28. h3 Rc7 29. g4 Kf8 30. gxf5 gxf5 31. Be2 Rac8 32. Kh2 Rc1 33. Rxc1 Rxc1 34.
h4 Bc5 35. Bxc5+ Rxc5 36. h5 Rc3 37. h6 Rxe3 38. Bh5 Re1 39. Rg7 e3 40. Rf7+
Ke8 1/2-1/2

[Event "Nuremberg rapid"]
[Site "Nuremberg"]
[Date "1990.10.14"]
[Round "13"]
[White "Hort, Vlastimil"]
[Black "Khalifman, Alexander"]
[Result "1/2-1/2"]
[WhiteElo "2560"]
[BlackElo "2560"]
[PlyCount "50"]
[EventDate "1990.10.12"]
[EventType "tourn (rapid)"]
[EventRounds "13"]
[EventCountry "GER"]
[EventCategory "11"]
[SourceTitle "EXT 2000"]
[Source "ChessBase"]
[SourceDate "1999.11.16"]
[SourceVersion "1"]
[SourceVersionDate "1999.11.16"]
[SourceQuality "1"]

1. d4 Nf6 2. Bg5 Ne4 3. Bf4 c5 4. f3 Qa5+ 5. c3 Nf6 6. d5 d6 7. e4 g6 8. Nd2
Bg7 9. Nc4 Qd8 10. a4 O-O 11. Qd2 Re8 12. Ne2 Nbd7 13. g4 Nb6 14. Ng3 Nxc4 15.
Bxc4 e6 16. Bb5 Nd7 17. Bxd6 exd5 18. Qxd5 Nf6 19. Qxc5 Bxg4 20. Bxe8 Rc8 21.
Qf2 Qxe8 22. fxg4 Nxe4 23. Qe2 Nxd6 24. Qxe8+ Rxe8+ 25. Kf2 Nc4 {...} 1/2-1/2

[Event "Groningen"]
[Site "Groningen"]
[Date "1990.??.??"]
[Round "?"]
[White "Khalifman, Alexander"]
[Black "Rogers, Ian"]
[Result "1-0"]
[WhiteElo "2615"]
[BlackElo "2535"]
[Annotator "Knaak,R"]
[PlyCount "45"]
[EventDate "1990.12.??"]
[EventType "tourn"]
[EventRounds "9"]
[EventCountry "NED"]
[EventCategory "13"]
[SourceTitle "CBM 021"]
[Source "ChessBase"]
[SourceDate "1991.04.01"]
[SourceVersion "1"]
[SourceVersionDate "1991.04.01"]
[SourceQuality "1"]

1. d4 Nf6 2. Nf3 g6 3. c4 Bg7 4. Nc3 O-O 5. e4 c6 {eine Variante mit
überraschender Popularität} 6. Bd3 $1 d5 7. e5 Nfd7 $6 (7... Ne8 8. cxd5 cxd5
9. h3) 8. cxd5 cxd5 9. h4 $1 $16 Nb6 10. Ng5 h5 (10... h6 $5 11. Nh3) 11. e6 $1
$18 f5 $8 12. Ne2 Qe8 13. Rh3 Nc6 14. Bb5 Rf6 15. Nf4 a6 16. Bxc6 Qxc6 17. Rc3
Qd6 18. Qe2 Na4 19. Rg3 b5 20. Kf1 Qc6 21. Nxg6 $1 Rxg6 22. Qxh5 f4 (22... Rh6
23. Qf7+ Kh8 24. Nh3 Rh7 25. Nf4) 23. Qh7+ 1-0

[Event "Groningen"]
[Site "Groningen"]
[Date "1990.??.??"]
[Round "?"]
[White "Shirov, Alexei"]
[Black "Khalifman, Alexander"]
[Result "1/2-1/2"]
[WhiteElo "2580"]
[BlackElo "2615"]
[Annotator "King,D"]
[PlyCount "39"]
[EventDate "1990.12.??"]
[EventType "tourn"]
[EventRounds "9"]
[EventCountry "NED"]
[EventCategory "13"]
[SourceTitle "CBM 021"]
[Source "ChessBase"]
[SourceDate "1991.04.01"]
[SourceVersion "1"]
[SourceVersionDate "1991.04.01"]
[SourceQuality "1"]

1. d4 d6 2. e4 Nf6 3. Nc3 g6 4. f4 Bg7 5. Nf3 c5 6. Bb5+ Bd7 7. e5 Ng4 8. e6
fxe6 9. Ng5 Bxb5 10. Nxb5 Qa5+ 11. c3 Qxb5 12. Qxg4 (12. Nxe6 Na6 13. Nxg7+ Kf7
14. Ne6 Nf6 15. Ng5+ Kg7 16. b3 cxd4 17. Ne6+ Kf7 18. Nxd4 Qc5 19. Qf3 Qd5 20.
Qxd5+ Nxd5 21. c4 Ndb4 22. O-O Nc6 23. Nxc6 bxc6 24. f5 $16 {Hellers-Seirawan,
Haninge 1990. Currently, this looks like white's best bet in this line.}) 12...
cxd4 13. Nxe6 Qc4 14. f5 (14. Nxg7+ Kf7 15. Nf5 Qe6+ $132 {Dolmatov-Chernin,
1990.} 16. Ne3) 14... Bf6 15. fxg6 Rg8 16. g7 Nc6 17. Nc7+ Kd8 18. Ne6+ Ke8 19.
Nc7+ Kd8 20. Ne6+ {This looks suspiciously like a prearranged draw.} 1/2-1/2

[Event "Portoroz/Nova Gorica"]
[Site "Portoroz"]
[Date "1991.??.??"]
[Round "?"]
[White "Khalifman, Alexander"]
[Black "Polgar, Judit"]
[Result "1-0"]
[WhiteElo "2640"]
[BlackElo "2540"]
[Annotator "Blatny,P"]
[PlyCount "55"]
[EventDate "1991.??.??"]
[EventType "schev"]
[EventRounds "3"]
[EventCountry "SLO"]
[SourceTitle "CBM 024"]
[Source "ChessBase"]
[SourceDate "1991.10.01"]
[SourceVersion "1"]
[SourceVersionDate "1991.10.01"]
[SourceQuality "1"]

1. e4 c5 2. Nf3 Nc6 3. Bb5 e6 (3... e5 {--> Gurgenidze-Efimov CBM24}) 4. Bxc6 (
4. c3 {--> Romanishin-Boensch}) (4. Nc3 {--> Illescas Cordoba-Ivanchuk CBM24})
(4. O-O Nge7 5. b3 a6 6. Bxc6 Nxc6 7. Bb2 b5 (7... d5 {--> Bologan-Belikov
CBM24}) 8. d4 {--> Maljutin-Belikov CBM24} (8. a4 {--> Miljanic-Nikcevic CBM24}
)) 4... bxc6 5. O-O (5. c4 Qc7 6. d3 $10 {Vasiukov}) 5... d5 (5... Ne7 {
--> Hracek-Polgar,Zso CBM24} 6. b3 Ng6 7. Bb2 f6 8. e5 Be7 9. exf6 Bxf6 10.
Bxf6 Qxf6 11. Nc3 O-O 12. Ne4 $36) (5... d6 {--> Khalifman-Hansen,LB CBM24}) 6.
d3 Ba6 (6... Ne7 7. Nc3 Ng6 8. Re1 Be7 (8... f6 9. d4 c4 10. b3 $13) 9. Na4 O-O
10. b3 e5 $13) 7. Nbd2 c4 8. exd5 cxd5 9. c3 $1 Qa5 10. dxc4 dxc4 11. Qe2 Rc8
12. Ne5 Qc7 13. Ndf3 Bd6 14. Rd1 Nf6 15. Nxf7 $1 Bxh2+ (15... Qxf7 16. Rxd6 $18
) (15... Kxf7 16. Ng5+ Kg6 (16... Kg8 17. Qxe6+ Kf8 18. Qxd6+ $18) (16... Ke8
17. Qxe6+ Be7 18. Qf7#) 17. Qc2+ Kh5 18. Nxe6 Qe7 19. Qf5+ $18) 16. Nxh2 Kxf7
17. Bg5 $16 {ץa6,עf7} Rhe8 18. Bxf6 gxf6 19. Qh5+ Kg8 20. Ng4 Rf8 21. Rd4 Bb7
22. Rad1 Bc6 23. Rxc4 Kh8 24. Qh6 Rf7 25. Nxf6 $18 Qe7 26. Ne4 Rg7 27. Ng3 Qb7
28. Qxe6 1-0

[Event "Portoroz/Nova Gorica"]
[Site "Portoroz"]
[Date "1991.??.??"]
[Round "?"]
[White "Khalifman, Alexander"]
[Black "Polgar, Zsuzsa"]
[Result "1-0"]
[WhiteElo "2640"]
[BlackElo "2510"]
[Annotator "Ftacnik,L"]
[PlyCount "75"]
[EventDate "1991.??.??"]
[EventType "schev"]
[EventRounds "3"]
[EventCountry "SLO"]
[SourceTitle "CBM 024"]
[Source "ChessBase"]
[SourceDate "1991.10.01"]
[SourceVersion "1"]
[SourceVersionDate "1991.10.01"]
[SourceQuality "1"]

1. d4 d5 2. c4 dxc4 3. e4 c5 4. d5 Nf6 5. Nc3 e6 6. Nf3 exd5 7. e5 Nfd7 8. Bg5
Be7 9. Bxe7 Qxe7 10. Nxd5 Qd8 11. Qc2 Nxe5 12. Qe4 Be6 13. Qxe5 Qxd5 14. Qxg7
Rf8 15. Rd1 Qe4+ 16. Be2 Nd7 17. Ng5 Qg6 18. Nxe6 Qxe6 19. Qg5 f6 20. Qh5+ Rf7
21. O-O O-O-O 22. Rd6 Qxd6 23. Qxf7 Ne5 24. Qxh7 Qd2 $6 {N} (24... Qe6 25. Qe4
Rd4 26. Qe3 Qf5 27. h4 b6 28. h5 Re4 29. Qd2 Rd4 $13 {Piket,Je-Vladimirov,E/
Rotterdam EU-CUP f/1988/ ->CBM 09}) 25. Qf5+ Rd7 (25... Kc7 26. Bxc4 Qxb2 27.
Qxf6 Nxc4 28. Qe7+ Rd7 29. Qxc5+ Kb8 30. Qxc4 $18) 26. Bh5 Qg5 $6 (26... Qxb2
27. Be8 $18) (26... Kc7 27. Qxf6 $16) 27. Qh3 $1 (27. Qxg5 fxg5 28. Re1 Nd3 $13
) 27... Qh6 28. f4 Nd3 29. Bg4 Qxh3 30. gxh3 $1 (30. Bxh3 b5 $132) 30... b5 31.
h4 Kc7 32. Bxd7 Kxd7 33. h5 Ke7 34. Kh1 $1 Kf7 35. Rg1 Nf2+ 36. Kg2 Ng4 37. Kf3
Nh6 38. Ke4 {Ftacnik,L} 1-0

[Event "Hoogovens"]
[Site "Wijk aan Zee"]
[Date "1991.01.??"]
[Round "3"]
[White "Khalifman, Alexander"]
[Black "Salov, Valery"]
[Result "1/2-1/2"]
[WhiteElo "2640"]
[BlackElo "2645"]
[Annotator "Salov,V"]
[PlyCount "57"]
[EventDate "1991.01.??"]
[EventType "tourn"]
[EventRounds "13"]
[EventCountry "NED"]
[EventCategory "14"]
[SourceTitle "CBM 022"]
[Source "ChessBase"]
[SourceDate "1991.06.01"]
[SourceVersion "1"]
[SourceVersionDate "1991.06.01"]
[SourceQuality "1"]

1. d4 d5 2. c4 c6 3. Nf3 Nf6 4. Nc3 dxc4 5. a4 Bf5 6. Ne5 e6 7. f3 c5 8. e4
cxd4 9. Bxc4 $5 {TN} (9. exf5 Nc6 (9... Bb4 $5 10. fxe6 fxe6 11. Bxc4 Qd6 12.
Qe2 dxc3 13. O-O O-O 14. Rd1 Qc5+ 15. Kh1 Nc6 16. Bxe6+ Kh8 17. Nf7+ Rxf7 18.
Bxf7 c2 19. Rf1 $13 {Tabatadze-Hoperia,Budapest 1990}) 10. Nxc6 bxc6 11. fxe6
fxe6 12. Bxc4 dxc3 13. bxc3 Qa5 14. Bd2 Nd5 15. Qe2 Kf7 16. O-O Bc5+ 17. Kh1
$14 {Salov-Smyslov,URS-55ch Moscow 1988}) 9... Qd6 10. Bb5+ Nbd7 (10... Nc6 11.
Nc4 $1 Qd7 (11... Qc5 12. b4 $1) 12. exf5 (12. Ne2 $5) 12... dxc3 13. Qxd7+
Nxd7 14. fxe6 fxe6 15. Bxc6 bxc6 16. bxc3 $14) 11. Nc4 (11. Bf4 $6 dxc3 12.
Nxd7 Qxf4 13. Nb6+ Ke7 14. Nxa8 cxb2 15. Rb1 Nxe4 $44) 11... Qc5 $1 12. b4 Qc7
(12... Qxb4 $2 13. Rb1 Qxc3+ 14. Bd2 $18) 13. Qxd4 Bg6 (13... a6 $5 14. exf5 (
14. Bxd7+ Nxd7 15. exf5 Rc8 $132) 14... axb5 15. Nxb5 Bxb4+ 16. Ke2 Qc6 17.
Ncd6+ Bxd6 18. Nxd6+ Ke7 $13) 14. e5 $1 Bxb4 $5 (14... Nd5 15. Nxd5 exd5 16.
Nd6+ Bxd6 17. exd6 Qxd6 18. Bf4 $36) 15. exf6 O-O 16. Ba3 $1 $8 (16. Bxd7 $4
Rfd8 $19) 16... Bxa3 17. Rxa3 $1 $8 (17. Nxa3 $2 Nc5 $1 $17) 17... Rfd8 (17...
Nc5 18. Ne5 $1 Rfd8 19. Qe3 $16) 18. Qd6 $1 (18. O-O $2 a6 $17) 18... Qc8 19.
Ne5 $1 (19. Ne3 $6 Nc5 20. Qe5 Nd3+ 21. Bxd3 Rxd3 $13) 19... Nc5 20. Qe7 a6 21.
Be2 Nxa4 $1 22. Nxa4 (22. Qb4 $6 b5 $1 $44 23. O-O $140 $2 a5 $3 $19) 22...
Qc1+ 23. Kf2 Qxh1 24. Nb6 Qxh2 25. Nxa8 $2 $138 (25. Ng4 $142 $1 $16) 25...
Qh4+ 26. Kf1 Qh1+ 27. Kf2 Qh4+ 28. Kg1 (28. Ke3 $4 Qd4#) 28... Rd1+ $1 29. Bxd1
1/2-1/2

[Event "Hoogovens"]
[Site "Wijk aan Zee"]
[Date "1991.01.??"]
[Round "5"]
[White "Khalifman, Alexander"]
[Black "Van der Wiel, John"]
[Result "1/2-1/2"]
[WhiteElo "2640"]
[BlackElo "2530"]
[Annotator "Salov,V"]
[PlyCount "118"]
[EventDate "1991.01.??"]
[EventType "tourn"]
[EventRounds "13"]
[EventCountry "NED"]
[EventCategory "14"]
[SourceTitle "CBM 022"]
[Source "ChessBase"]
[SourceDate "1991.06.01"]
[SourceVersion "1"]
[SourceVersionDate "1991.06.01"]
[SourceQuality "1"]

1. d4 {Ftacnik} Nf6 2. c4 e6 3. Nc3 Bb4 4. f3 d5 5. a3 Bxc3+ 6. bxc3 c5 7. cxd5
Nxd5 8. dxc5 Qa5 9. e4 Ne7 10. Be3 O-O 11. Qb3 Qc7 12. a4 Nec6 13. f4 Na5 14.
Qa3 Nd7 15. Nf3 b6 16. cxb6 axb6 17. Nd2 Ba6 {TN} (17... Bb7 18. Be2 (18. Bb5 {
Ftacnik} Nf6 19. O-O $1 Nxe4 20. Nxe4 Bxe4 21. Qb4 $16 {Lin Ta-Li Wenliang/
China/1990/}) 18... Rfc8 19. O-O Qxc3 20. Rfb1 $5 (20. Bb5 Qxa3 21. Rxa3 Bc6
$10 {Azmayparashvili-Sokolov,A Moscow(GMA)1990}) 20... Qxa3 21. Rxa3 Nc5 22. e5
Bc6 23. Rxb6 Nxa4 24. Rxc6 Nxc6 25. Bb5 $16 {Azmayparashvili}) (17... Nf6 {
Ftacnik} 18. Be2 Ba6 19. Qb4 $1 $14 {Sakaev-Emms/Leningrad/1990/ ->TD89_09})
18. Bxa6 Rxa6 19. O-O Rfa8 (19... Nc4 20. Nxc4 Qxc4 21. Qb4 Rc8 22. Rfd1 $16)
20. Qb4 Nb7 $1 21. Ra2 Qc6 22. Rfa1 Ndc5 23. c4 h6 (23... Nxe4 $2 24. Qb5 $1
Qd6 $8 25. Nxe4 Qd3 26. Bxb6 Qxe4 27. c5 Qe3+ 28. Kh1 Nd6 29. Qf1 Ne4 30. a5
$16) (23... Nd6 $5) 24. e5 Rxa4 25. Rxa4 Rxa4 26. Rxa4 Nxa4 (26... Qxa4 $2 {
Ftacnik} 27. Qxb6 Qd1+ 28. Nf1 $18) 27. Bd4 Qd7 (27... Nac5 $5 28. Qb5 Qc7 29.
Nb3 Nxb3 (29... Nd7 $10) 30. Bxb6 Qb8 $1 31. Qxb3 Na5 32. Qb5 Nxc4 $10) 28. Nf3
Nbc5 29. h3 (29. Bxc5 {Ftacnik} bxc5 30. Qb8+ Kh7 $10) 29... Nd3 30. Qd2 Nac5
31. Bxc5 Nxc5 (31... bxc5 $4 32. Kf1 $1 $18) 32. Qxd7 Nxd7 33. Kf2 $14 Kf8 34.
Ke3 Ke7 35. Nd4 (35. g4 $5) 35... h5 36. Nb5 f6 37. Kd4 fxe5+ 38. fxe5 Nc5 39.
Nd6 Kd7 40. h4 Nb3+ 41. Ke3 Nc5 42. Nf7 Ke7 43. Ng5 Nb3 44. Ne4 Na5 45. Nd6 Kd7
46. Kf4 Kc6 47. Kg5 Kc5 48. Kxh5 Nxc4 49. Nxc4 Kxc4 50. Kg6 b5 51. h5 b4 52.
Kxg7 b3 53. h6 b2 54. h7 b1=Q 55. h8=Q Qf5 $10 56. Qh3 (56. Kh6 Qf4+ $10) 56...
Qxe5+ 57. Kf7 Kd4 58. Qxe6 Qxe6+ 59. Kxe6 Ke4 1/2-1/2

[Event "Hoogovens"]
[Site "Wijk aan Zee"]
[Date "1991.01.??"]
[Round "6"]
[White "Lautier, Joel"]
[Black "Khalifman, Alexander"]
[Result "1/2-1/2"]
[WhiteElo "2550"]
[BlackElo "2640"]
[Annotator "Salov,V"]
[PlyCount "113"]
[EventDate "1991.01.??"]
[EventType "tourn"]
[EventRounds "13"]
[EventCountry "NED"]
[EventCategory "14"]
[SourceTitle "CBM 022"]
[Source "ChessBase"]
[SourceDate "1991.06.01"]
[SourceVersion "1"]
[SourceVersionDate "1991.06.01"]
[SourceQuality "1"]

1. d4 Nf6 2. c4 c6 3. Nf3 d5 4. cxd5 cxd5 5. Nc3 Nc6 6. Bf4 Bf5 7. e3 e6 8. Qb3
Bb4 9. Bb5 O-O 10. O-O Qe7 (10... Bxc3 11. Qxc3 Ne4 12. Qa3 Qb6 13. Bxc6 Qxc6
14. Ne5 Qb5 15. f3 Nf6 16. g4 Bg6 17. Rac1 $14 {Seirawan-Van der Wiel,Wijk aan
Zee 1991}) 11. Bxc6 bxc6 12. Na4 Nh5 13. a3 $5 {TN} (13. Bg3 $2 Nxg3 14. hxg3
Rfc8 15. Rfc1 Rab8 $15 {Seirawan-Nikolic,Bruxelles 1988}) 13... Nxf4 14. axb4
Nd3 (14... Nxg2 $2 15. Kxg2 Be4 16. Rg1 $3 Qh4 17. h3 $18) 15. Nc5 Nxc5 16.
bxc5 Rfb8 17. Qc3 $14 Qb7 18. Ra2 Bg4 $5 (18... f6 19. Rfa1 a5 20. h3 $1 (20.
Nd2 $6 a4 $1 $132) 20... Bg6 21. Rxa5 Rxa5 22. Rxa5 Qxb2 23. Qxb2 Rxb2 24. Ra8+
Kf7 25. Rc8 $16) 19. Nd2 Be2 20. Re1 Bb5 21. e4 $5 (21. Ra5 $5) 21... a5 22.
exd5 exd5 23. Rxa5 Rxa5 24. Qxa5 Bd3 25. Qc3 Bf5 26. b3 $2 (26. Nf1 $1 {
/\ Re2 with palpable edge; it was necessary to keep the pawn on b2.}) 26... h6
27. f3 Qb4 28. Qb2 Ra8 29. Re2 Bd3 (29... Ra4 30. Nc4 $1) 30. Re3 Bg6 31. Kf2
Kh7 (31... Ra4 $5 32. Re8+ Kh7 33. Ke3 (33. Rc8 Ra2 (33... Ra6 $5) 34. Qxa2
Qxd4+ 35. Kg3 (35. Ke1 $2 Qe3+ 36. Kd1 Qg1+ 37. Ke2 Qxg2+ 38. Ke3 (38. Ke1 Bd3
$19) 38... Qg1+ 39. Ke2 d4 $1 $19) 35... Qe5+ 36. Kf2 (36. f4 $2 Qe1+ 37. Kf3
d4 $1 38. Nc4 Be4+ 39. Kg4 Bf5+ 40. Kf3 h5 $19) 36... Qd4+ 37. Kg3 $10) 33...
Qb5 $36) 32. Qc3 Qb8 33. Nf1 Ra2+ 34. Re2 Ra3 35. Rb2 Ra1 36. b4 Rd1 37. b5
cxb5 38. c6 Qc7 39. g3 (39. Rxb5 Bd3 40. Ne3 Bxb5 41. Nxd1 $14) 39... Ra1 40.
Ne3 Ra6 41. Rxb5 $6 (41. Nxd5 $142 Qxc6 42. Qxc6 Rxc6 43. Ke3 $1 $16) 41...
Rxc6 42. Rc5 Rxc5 43. dxc5 Qa7 44. Qd4 (44. g4 Qa4 $1 $132) 44... Qa2+ 45. Kg1
Qe2 46. c6 Bd3 47. c7 Ba6 (47... Qe1+ $5 48. Kg2 Qe2+ 49. Kh3 Ba6 50. Nf5 f6
$132) 48. Qc3 d4 $1 (48... Qxf3 $2 49. Qc2+ $1 $16) 49. Qc2+ (49. Qxd4 Qe1+ $10
) 49... Qxc2 50. Nxc2 d3 51. Ne3 d2 52. Kf2 Kg6 53. Nd1 Kf6 54. Ke3 Ke6 55.
Kxd2 Kd6 56. Ne3 Bc8 $1 $10 57. Kc3 1/2-1/2

[Event "Hoogovens"]
[Site "Wijk aan Zee"]
[Date "1991.01.??"]
[Round "7"]
[White "Khalifman, Alexander"]
[Black "Sokolov, Ivan"]
[Result "1-0"]
[WhiteElo "2640"]
[BlackElo "2570"]
[Annotator "Salov,V"]
[PlyCount "73"]
[EventDate "1991.01.??"]
[EventType "tourn"]
[EventRounds "13"]
[EventCountry "NED"]
[EventCategory "14"]
[SourceTitle "CBM 022"]
[Source "ChessBase"]
[SourceDate "1991.06.01"]
[SourceVersion "1"]
[SourceVersionDate "1991.06.01"]
[SourceQuality "1"]

1. d4 {Ftacnik} Nf6 2. c4 g6 3. Nc3 d5 4. Nf3 Bg7 5. cxd5 Nxd5 6. e4 Nxc3 7.
bxc3 c5 8. Rb1 O-O 9. Be2 Nc6 10. d5 Ne5 11. Nxe5 Bxe5 12. Qd2 b6 13. O-O (13.
f4 Bg7 14. c4 e5 15. O-O exf4 16. Qxf4 Qe7 17. Bb2 Bd7 18. Bd3 Bxb2 19. Rxb2 f6
20. Rbf2 {1/4-1/4 Khalifman-Olafsson,New York op 1990}) 13... e6 14. f4 Bg7 15.
dxe6 Bxe6 (15... fxe6 $5 16. Qe3 Bb7 17. Bc4 Qd7 18. f5 gxf5 19. exf5 Bd5 20.
Qd3 Qc6 $13 {Gelfand-Smejkal,Novi Sad(ol)1990}) 16. f5 Qxd2 $6 (16... Bc8 17.
Bc4 gxf5 18. exf5 $14 {Hjartarson-Ftacnic,Thessaloniki(ol)1984} (18. exf5 {
Ftacnik} Qf6 19. Bd5 Ba6 20. c4 Qd4+ $10 {Hjartarson,J-Ftacnik,L/Thessaloniki
ol/1984/})) 17. Bxd2 gxf5 18. exf5 Bxa2 19. Rb2 Bd5 20. f6 Bh8 (20... Rfe8 $5
21. Bb5 Bf8 22. Bxe8 Rxe8 $16) 21. Rf4 $16 h5 $8 (21... Be6 $2 22. Rf3 $1 $18)
(21... Rfc8 $2 22. Rg4+ Kf8 23. Bh6+ Ke8 24. Bb5+ Bc6 (24... Kd8 {Ftacnik} 25.
Rd2 $18) 25. Re4+ Kd8 26. Rd2+ Kc7 27. Re7+ Kb8 28. Bf4+ $18) 22. Bxh5 Rfd8 23.
Rg4+ Kh7 (23... Kf8 24. Bh6+ Ke8 25. c4 Bxf6 (25... Be6 26. Rg8+ Kd7 27. Rd2+
Kc7 28. Bf4+ $18) 26. Re2+ Kd7 27. cxd5 Rh8 28. Bg5 Bd4+ 29. Rxd4 cxd4 30. Bxf7
$18) 24. Bg5 Rac8 $6 (24... Rd6 {Ftacnik} 25. Rf2) 25. Rf2 Be6 26. Rh4 Kg8 27.
Rf3 c4 28. Rg3 Rd3 (28... Kf8 {Ftacnik} 29. Bg4 Kg8 30. Bxe6 Rd1+ 31. Kf2 fxe6
32. Bf4+ Kf7 33. Be5 $18) 29. Bf3 Bf5 30. Bf4+ Bg6 31. Be5 $1 {now black has
no defence against the primitive threat 32.Rgh3!} Re8 {hoping for 32.Rgh3
Bg7!!,but Khalifman prepared something different} 32. Rxg6+ $1 $18 fxg6 33.
Rxh8+ Kf7 34. Rh7+ Ke6 35. Bd4 Kf5 36. Rxa7 Rc8 37. f7 1-0

[Event "Hoogovens"]
[Site "Wijk aan Zee"]
[Date "1991.01.??"]
[Round "8"]
[White "Chernin, Alexander"]
[Black "Khalifman, Alexander"]
[Result "1/2-1/2"]
[WhiteElo "2610"]
[BlackElo "2640"]
[PlyCount "41"]
[EventDate "1991.01.??"]
[EventType "tourn"]
[EventRounds "13"]
[EventCountry "NED"]
[EventCategory "14"]
[SourceTitle "CBM 022"]
[Source "ChessBase"]
[SourceDate "1991.06.01"]
[SourceVersion "1"]
[SourceVersionDate "1991.06.01"]
[SourceQuality "1"]

1. d4 Nf6 2. c4 e6 3. Nc3 Bb4 4. e3 O-O 5. Nge2 Re8 6. a3 Bf8 7. d5 d6 8. Ng3
c6 9. Be2 exd5 10. cxd5 cxd5 11. Nh5 Nxh5 12. Bxh5 d4 13. Qxd4 Nc6 14. Qd1 Be6
15. Bf3 g6 16. O-O Bg7 17. Nd5 Na5 18. Be2 Rc8 19. e4 Nc4 20. Rb1 Qh4 21. Nf4 {
(1.24/1.42)} 1/2-1/2

[Event "Hoogovens"]
[Site "Wijk aan Zee"]
[Date "1991.01.??"]
[Round "9"]
[White "Khalifman, Alexander"]
[Black "Seirawan, Yasser"]
[Result "1-0"]
[WhiteElo "2640"]
[BlackElo "2595"]
[Annotator "Rogers,I"]
[PlyCount "45"]
[EventDate "1991.01.??"]
[EventType "tourn"]
[EventRounds "13"]
[EventCountry "NED"]
[EventCategory "14"]
[SourceTitle "CBM 022"]
[Source "ChessBase"]
[SourceDate "1991.06.01"]
[SourceVersion "1"]
[SourceVersionDate "1991.06.01"]
[SourceQuality "1"]

1. e4 c6 2. d4 d5 3. Nc3 dxe4 4. Nxe4 Nf6 5. Nxf6+ exf6 6. c3 Bd6 7. Bd3 O-O 8.
Ne2 Re8 9. O-O (9. Qc2 {/\0-0-0 is the fashionable way to play this line but
after} Kh8 $1 10. h4 Qa5 $1 {Black should have no problems.}) 9... Qc7 10. Ng3
Be6 $2 ({On} 10... Nd7 {Seirawan feared} 11. Nf5 $5 Bxh2+ 12. Kh1 Bd6 13. Nxg7
$1 {but this may be playable for Black after} Kxg7 14. Qg4+ Kh8 $1 15. Qh4 f5
$1) 11. f4 c5 12. d5 Bd7 13. c4 Na6 14. Qf3 Qb6 $2 ({In retrospect Black
should have tried} 14... b5 $1 15. cxb5 $6 Nb4 {with counterplay.}) 15. b3 Bf8
16. Bb2 Nc7 17. Bf5 $1 ({Seirawan was playing for the trap} 17. f5 $2 Nxd5 $3 {
since} 18. Qxd5 $4 Bc6 {wins the White queen.}) 17... Bxf5 18. Nxf5 Red8 19.
Rae1 Ne8 20. Qh5 Qa5 (20... g6 21. Nh6+ Kg7 22. Qh4 {/\f5, /\Ng4 would also
leave White with a winning attack.}) 21. Rxe8 $3 Rxe8 22. Nh6+ $1 gxh6 ({
It would have been kinder for Black to allow the more spectacular} 22... Kh8
23. Qxf7 Bd6 24. Qg8+ $3 Rxg8 25. Nf7#) 23. Qg4+ {24.Bxf6 will force checkmate.
} 1-0

[Event "Hoogovens"]
[Site "Wijk aan Zee"]
[Date "1991.01.??"]
[Round "13"]
[White "Khalifman, Alexander"]
[Black "Fedorowicz, John P"]
[Result "1-0"]
[WhiteElo "2640"]
[BlackElo "2555"]
[Annotator "King,D"]
[PlyCount "97"]
[EventDate "1991.01.??"]
[EventType "tourn"]
[EventRounds "13"]
[EventCountry "NED"]
[EventCategory "14"]
[SourceTitle "CBM 022"]
[Source "ChessBase"]
[SourceDate "1991.06.01"]
[SourceVersion "1"]
[SourceVersionDate "1991.06.01"]
[SourceQuality "1"]

1. e4 Nf6 2. e5 Nd5 3. d4 d6 4. Nf3 g6 5. Bc4 Nb6 6. Bb3 Bg7 7. Ng5 e6 8. Qf3
Qe7 9. Ne4 dxe5 10. Bg5 Qb4+ 11. c3 Qa5 12. Bf6 Bxf6 13. Qxf6 O-O 14. Qxe5 Qxe5
15. dxe5 Bd7 16. Nbd2 Bc6 17. f4 (17. O-O N8d7 18. f4 Rfd8 19. Rfe1 Nc5 20. Bc2
Nd3 21. Bxd3 Rxd3 22. Nb3 Na4 23. Nf2 Rdd8 24. Rab1 Bd5 25. Red1 Nb6 $15 {
Dörflinger-Birk, 1988.}) (17. O-O-O N8d7 18. f4 a5 19. Rhe1 a4 20. Bc2 Rfd8 21.
g3 Kf8 22. Nf3 Bd5 23. Kb1 {+/= , Watson-Alburt, 1987.}) 17... N6d7 18. Bc2 a5
19. O-O-O Kg7 20. Rhe1 a4 21. b4 $1 $14 axb3 22. axb3 Na6 23. b4 Nb6 24. Kb2
Rad8 25. g3 Bb5 26. Bb3 Ba4 27. Bxa4 Nxa4+ 28. Kb3 b5 29. Nf3 c5 30. Rxd8 Rxd8
31. Nd6 Nc7 32. Ng5 c4+ 33. Kc2 Ra8 34. Ra1 f6 35. Nge4 fxe5 36. fxe5 Nb6 37.
Rxa8 Nbxa8 38. Nf6 Nb6 39. Kd2 h5 40. Nfe8+ Nxe8 41. Nxe8+ Kf8 42. Nc7 Ke7 43.
Ke3 Kd7 44. Nxb5 Kc6 45. Nd4+ Kd5 46. Kf4 Nd7 47. Nc2 Nxe5 48. Ne3+ Kd6 49. h4
{(2.20/1.44)} 1-0